Statistics for Random Animals by Picture

Click here to take the quiz!

General Stats

  • This quiz has been taken 1,418 times
  • The average score is 13 of 15

Answer Stats

Answer% Correct
Flamingo
100%
Goat
100%
Dog
98%
Hippopotamus
98%
Lion
98%
Owl
98%
Panda
98%
Shark
98%
Butterfly
97%
Cow
97%
Donkey
96%
Koala
96%
Monkey
96%
Pig
96%
Snake
96%
Giraffe
95%
Hen
95%
Turtle
95%
Cat
94%
Rabbit
94%
Seahorse
94%
Sloth
94%
Alligator
93%
Fly
93%
Fox
93%
Horse
93%
Bear
92%
Camel
92%
Deer
92%
Eagle
92%
Hamster
92%
Ladybug
92%
Seal
92%
Squirrel
92%
Whale
92%
Zebra
92%
Penguin
91%
Tiger
91%
Ant
90%
Jellyfish
90%
Octopus
90%
Red Panda
90%
Rhino
90%
Walrus
90%
Crow
88%
Elephant
88%
Sheep
88%
Starfish
88%
Tortoise
88%
Bat
87%
Bee
87%
Ostrich
87%
Parrot
87%
Raccoon
87%
Duck
86%
Moth
86%
Scorpion
86%
Woodpecker
86%
Grasshopper
85%
Panther
85%
Dolphin
84%
Otter
84%
Pelican
83%
Swan
83%
Goldfish
82%
Leopard
82%
Lizard
81%
Sea Urchin
81%
Squid
81%
Frog
80%
Reindeer
80%
Peacock
78%
Turkey
78%
Hedgehog
77%
Llama
77%
Emu
76%
Snow Leopard
76%
Shrimp
73%
Sea Lion
72%
Cockatoo
60%
Hawk
60%
Wombat
60%
Piranha
52%
Sparrow
44%
Stork
42%
Prairie dog
35%
Ox
30%
Nightingale
10%

Score Distribution

Percentile by Number Answered

Percent of People with Each Score

Your Score History

You have not taken this quiz